000 00829nam a2200277 i 4500
001 8271
003 ES-MaACL
005 20230906145424.0
007 t|
008 920428s1990 sp |||| | spa d
020 _a84-376-0739-6
080 _a1"19"
245 0 3 _aEl pensamiento débil /
_cGianni Vattimo y Pier Aldo Rovatti (eds.) ; Leonardo Amoroso ... [et al.] ; [traducción de Luis de Santiago].
250 _a2ª ed.
260 _aMadrid :
_bCátedra,
_c1990.
300 _a363 p. ;
_c18 cm.
490 1 _aTeorema
504 _aReferencias bibliográficas.
650 1 4 _aFilosofía-
_yS.XX.
_912826
700 1 _aVattimo, Gianni.
_9113303
700 1 _aRovatti, Pier Aldo.
_9159854
700 1 _aAmoroso, Leonardo.
_921324
830 0 _aTeorema
_9181356
852 _aES-MaACL
_jL-15624
999 _c8271
_d8271